Générique Monsieur Belette - Paroles - Statistiques

Statistiques générales
  • Ce quiz a été pris 3 fois
  • Le résultat moyen est 6 sur 10
Statistiques - réponses
Paroles % Correct
Monsieur {Belette}
100%
Monsieur {Belette}
100%
Monsieur {Belette}
100%
Babouin est plus fort que {Belette}
67%
Grâce à {Belette}
67%
Le Grand Babouin se prends pour le {roi}
67%
Le Grand Babouin va être à la {fête}
67%
Pas besoin de falzar pour la danse de la {gloire}
33%
Pourtant sur son chemin il {rencontrera}
33%
C'est un Babouin qui aime le {tagada}
0%
Aucun quiz correspondant
Distribution des résultats
% des personnes avec chaque résultat
Percentile par nombre de réponses
Votre historique - résultats
Vous n’avez pas pris ce quiz